主要予備校の地理講師 - Statistics

General Stats
  • This quiz has been taken 4 times
  • The average score is 7 of 23
Answer Stats
予備校 名字 名前 代表作 % Correct
東進 村瀬 哲史 ○○の地理Bをはじめからていねいに
100%
駿台 雄介 地理総合、地理探究の一問一答
67%
東進 山岡 信幸 ○○の地理B教室
33%
河合塾 瀬川 ○○聡の地理B超重要問題の解き方
33%
河合塾 伊藤 彰芳 地理B 統計・データの読み方が面白いほどわかる本
33%
河合塾 権田 雅幸 地図と地名による地理攻略
33%
河合塾 佐藤 裕治 納得できる地理論述
33%
河合塾 中野 泰男 納得できる地理論述
33%
河合塾 仁科 淳司 納得できる地理論述
33%
河合塾 坂本 ○○の一気!完成マークシート地理B
33%
駿台 宇野 ○○仙の地理をひとつひとつわかりやすく。
33%
駿台 阿部 恵伯 東大入試詳解25年 地理
33%
駿台 鈴木 達人 共通テスト地理 満点のコツ
33%
駿台 井上 宏昭 地理100テーマ書き込み問題集
33%
代ゼミ 宮路 秀作 経済は地理から学べ!
33%
代ゼミ 武井 明信 入試地理 新地形図の読み方
33%
代々木 田村 センター・マーク標準問題集地理B
33%
東進 隆宗 共通テスト地理B 満点のコツ
0%
河合塾 藤山 佳貴 地図と地名による地理攻略
0%
河合塾 中井 隆顕 魔法の地理総合ノート
0%
河合塾 熊谷 善治 地理Bの点数が面白いほどとれる本
0%
駿台 松本 ○○聡の地理Bが面白いほどわかる本
0%
駿台 岡田 攻略地理 系統地理編
0%
No matching quizzes found
Score Distribution
Percent of People with Each Score
Percentile by Number Answered
Your Score History
You have not taken this quiz